Dream SMP Members + Guests - Statistics

General Stats
  • This quiz has been taken 209 times
  • The average score is 28 of 49
Answer Stats
Hint Answer % Correct
Owner Dream
100%
LANGUAGE Bad
98%
Owner Sister Drista
95%
ABLE SISTERS Tommy
95%
Ur pet ded sapnap
91%
LICE Quackity
89%
Red not green George
87%
LIFE ISNT QUITE WHAT ID THOUGHT ID BE Wilbur
87%
FURRY Fundy
85%
Grass block Ranboo
81%
YOO WHATS UP GUYS Skeppy
81%
hbomb hbomb
78%
Eat pant Connor
75%
D E E P VO I C E CORPSE
74%
Dream buger have baci n? Techno
74%
God Owner DreamXD
73%
1m$ kinda and i love siiiiimp Karl
72%
1 life forever Phil
70%
Prisonman Sam
70%
Glatt Schlatt
70%
ghost Ghostbur
69%
sap kill peets niki
69%
tedy dog punz
69%
never on bedwars man purpled
68%
i know gogy ponk
64%
bbh admin callahan
60%
Australian Lazar
60%
lets give bad some naughty map Puffy
60%
another gal Hannah
59%
DA FU- Ninja
55%
Loves a bbh admin Alyssa
51%
went to teco and lake Jack
51%
EYYYYYYYYYY MAN Mexican Dream
50%
Creative superman for a second KSI
47%
Tiny than childman Vikk
46%
1m$ MrBeast
44%
Cobblestone Ant
43%
i appear in 1m% funni vidseo slime
39%
Skeepee sista Skepina
33%
siiiiimp Pokimane
26%
YEAH IM GONNA TAKE MY HORSE Lil nas X
25%
Rhianna Rhianna
25%
Luke Luke
21%
IWILLFINDGEORGE Andrea
13%
Red st on e hermitcrap man Iskall
11%
wof woof i ruin quack quacks lore rat
11%
Owner sister whitelisted him BigManTommy
10%
im now bruhda Sean
9%
idk tbh sarge
5%
No matching quizzes found
Score Distribution
Percent of People with Each Score
Percentile by Number Answered
Your Score History
You have not taken this quiz